000 00917nam a2200229 a 4500
001 72210
003 BD-RjUL
005 20211209082227.0
008 170515s1991 bg a|||| |||| 00| 0 ben d
020 _a9840600214
_c : Tk. 62.00
035 _a(BD-RjUL)72426
040 _aBD-RjUL
_bben
_cBD-RjUL
041 _aben
082 _223
_a320.092
_bABD 1991
100 1 0 _aআবদুল্লাহ্, মুহাম্মদ
_9118504
245 1 0 _aঢাকার কয়েকজন মুসলিম সুধী /
_cমুহম্মদ আবদুল্লাহ্
260 _aঢাকা :
_bইসলামিক ফাউন্ডেশন বাংলাদেশ,
_c১৯৯১
300 _a৩৬৫ পৃ. :
_bচিত্র ;
_c২২ সেমি.
650 _aরাজনৈতিক দার্শনিকরা
_9213549
650 _aPolitical philosophers
_9213550
942 _2ddc
_cBK
999 _c72210
_d72210